000 00438nam a2200181Ia 4500
001 17082
005 20260306170359.0
008 260306t1997||||xx |||||||||||||| ||und||
041 _aESP
082 _a657.45
_bM12
100 _aMcGraw-Hill/ Interamericana Editores
_eAUT
245 0 _aGuía de auditoría
260 _c1997
300 _aix, 595 páginas :
_c27 cm.
650 _aGEN
654 _aCCO
942 _cLIB
_dJUS
_fJUS
_2ddc
_n
999 _c17082
_d17082